| 000 | 00807nam0a22002531 4500 | ||
|---|---|---|---|
| 001 | v19\rc\1940428 | ||
| 005 | 20250619202202.0 | ||
| 035 | _a(NLR Aleph) 005026941 | ||
| 090 |
_a6649707 _c6649707 |
||
| 100 | _a20080428d1912 |||y0rusy50 ca | ||
| 101 | 0 | _arus | |
| 102 | _aRU | ||
| 105 | _ay z ||||| | ||
| 200 | 1 |
_aElectrargol _eЭлектр. коллоид. металлы и их применение в медицине _fLaboratoires Clin Comar & Cie Paris |
|
| 210 |
_aМосква _cскоропеч. А. Сиу и К° _d[1912] |
||
| 215 |
_a16 с. _d23 |
||
| 309 | _aБез тит. л. и обл. | ||
| 320 | _aБиблиогр.: с. 9-16 | ||
| 801 | 0 |
_aRU _bNLR _gpsbo |
|
| 801 | 0 |
_aRU _bRuMoRGB _2psbo |
|
| 801 | 1 |
_aRU _bProSoft-M _2rusmarc |
|
| 852 |
_aNLR _j18.284.8.434 |
||
| 942 | _cBOOK | ||
| 980 | _aNB | ||